Heaven Gates And Hell's Flames: (Record no. 183449)

MARC details
000 -LEADER
fixed length control field 00643 a2200181 4500
005 - DATE AND TIME OF LATEST TRANSACTION
control field 20211224161918.0
010 ## - LCCN (DPL NO)
LC control number ENG-130638
020 ## - INTERNATIONAL STANDARD BOOK NUMBER
International Standard Book Number 978-019-012-0696
Terms of availability 1295.00
035 ## - SYSTEM CONTROL NUMBER
System control number EN-114170
037 ## - SOURCE OF ACQUISITION
Source of stock number/acquisition DBAD/PUB
082 ## - DEWEY DECIMAL CLASSIFICATION NUMBER
Classification number 306.630994095478
100 ## - MAIN ENTRY--PERSONAL NAME
Personal name Abreu, Savio
245 ## - TITLE STATEMENT
Title Heaven Gates And Hell's Flames:
Statement of responsibility, etc Savio Abreu
Remainder of title A Sociological Study of New Christian Movements in Contemporary Goa/
260 ## - PUBLICATION, DISTRIBUTION, ETC. (IMPRINT)
Place of publication, distribution, etc New Delhi
Name of publisher, distributor, etc Oxford University Press
Date of publication, distribution, etc 2020
270 ## - ADDRESS
Address 22 Workspace, 2nd Floor, 1/22, Asaf Ali Road
City New Delhi
Postal code 110002
300 ## - PHYSICAL DESCRIPTION
Extent 274p.
Dimensions 22cm (hbk)
942 ## - ADDED ENTRY ELEMENTS (KOHA)
Institution code [OBSOLETE] dpl
Item type English Books
Source of classification or shelving scheme Dewey Decimal Classification
Classification part 306.630994095478
Call number suffix ABR
Holdings
Withdrawn status Lost status Not for loan Collection code Home library Current library Date acquired Source of acquisition Cost, normal purchase price Full call number Barcode Copy number Cost, replacement price Koha item type
      Non-fiction Central Library Central Library 24/12/2021 DBAD/PUB 1295.00 306.630994095478 ABR EN-114170 1 1295.00 English Books

© Delhi Public Library
Hit Counter
free hit counter